Sporné otázky odpovědnosti za radu zákazníkovi
Historické súvislosti, poctivosť jednania, proporcionalita. Súčasný stav. Dotváranie práva súdmi. Problém skutočnej vôle a jej prejavu. Rozloženie rizika jednostranného omylu, neznalosti, čítania zmluvy a pod. Potreba jasných pravidiel. Účel, význam a základ rady. Okolnosti dôležité pre vznik povinn...
Enregistré dans:
| Auteur principal: | |
|---|---|
| Format: | Chapitre de livre |
| Langue: | tchèque |
| Sujets: | |
| Tags: |
Pas de tags, Soyez le premier à ajouter un tag!
|
MARC
| LEADER | 00000naa a2200000 4500 | ||
|---|---|---|---|
| 001 | 0257171 | ||
| 005 | 20191009081637.0 | ||
| 041 | 0 | |a cze | |
| 044 | |a CZ | ||
| 245 | 1 | 0 | |a Sporné otázky odpovědnosti za radu zákazníkovi |c Robert Šimek |
| 520 | |a Historické súvislosti, poctivosť jednania, proporcionalita. Súčasný stav. Dotváranie práva súdmi. Problém skutočnej vôle a jej prejavu. Rozloženie rizika jednostranného omylu, neznalosti, čítania zmluvy a pod. Potreba jasných pravidiel. Účel, význam a základ rady. Okolnosti dôležité pre vznik povinnosti radiť. Povaha povinností, možnosť sprísnenia alebo obmedzenia zodpovednosti. Rozsah ručenia poisťovateľa vs. záruka za výsledok. Zmluvná limitácia rozsahu zodpovednosti. Charakteristika poistenca, jeho osobné pomery, finančné a majetkové zázemie a pod. | ||
| 610 | 2 | 0 | |a poisťovatelia |
| 610 | 2 | 0 | |a poistenci |
| 610 | 2 | 0 | |a proporcionalita |
| 610 | 2 | 0 | |a poradcovia |
| 610 | 2 | 0 | |a poradenstvo |
| 610 | 2 | 0 | |a zodpovednosť |
| 610 | 2 | 0 | |a zákazníci |
| 610 | 2 | 0 | |a riziko poistné |
| 610 | 2 | 0 | |a zmluvy poistné |
| 100 | 1 | |a Šimek, Robert | |